000 01198nam0a22003011 4500
001 RU\INFOCOMM_327\NLR\5000053309
005 20250613111949.0
035 _a(NLR Aleph) 009600044
090 _a9304974
_c9304974
100 _a20130307d1992 |||y0rusy50 ca
101 0 _aeng
102 _aRU
105 _ay z |||||
200 1 _aNew approach in partial channels study of meson photoproduction off nuclei
_eRep. presented at the VIII Seminar "Electromagnetic interaction nuclei et low a. medium energies", Moscow, Dec. 2-5, 1991
_fI. Adam, A. N. Eliseev, V. L. Kashevarov et al.
210 _aM.
_d1992
215 _aII с.
_cил.
_d20 см
225 1 _aPreprint
_fRussia acad. of sciences, P. N. Lebedev phys. inst.
_iHigh energy physics-dep.
_vN 9
320 _aБиблиогр.: с. 11
606 0 _aМезоны
_xФоторождение на ядрах
_2nlr_sh1
620 _aМосква
686 _aВ383.58
_2rubbk
701 1 _aAdam
_bI.
712 1 2 _a"Electromagnetic interaction nuclei et low and medium energies", seminar
_eMoscow
_f1991
_4570
801 1 _aRU
_bInfocomm
_c20130307
801 0 _aRU
_bINFOCOMM
_gPSBO
852 _aNLR
_jФз01 Д-4/6565
942 _cBOOK
980 _aNB